000 00243nam a22000857a 4500
008 130411b xxu||||| |||| 00| 0 eng d
020 _cAvalable
245 _aInside Network Perimeter Security
_cNorthcutt, Stephen.
260 _aIndia
_bPearson India
_c2002
999 _c23352
_d23352